Jesús, el hijo del hombre : sus palabras y sus hechos recogidos y contados por aquellos que lo conocieron /

Đã lưu trong:
Chi tiết về thư mục
Tác giả chính: Gibran, Kahlil (autor)
Định dạng: Sách
Ngôn ngữ:Tiếng Tây Ban Nha
Được phát hành: Barcelona, España : José J. de Olañeta, 2005, c2005
Loạt:(El Barquero ; 54)
Những chủ đề:
Các nhãn: Thêm thẻ
Không có thẻ, Là người đầu tiên thẻ bản ghi này!

MARC

LEADER 00000nam^a2200000^a^4500
001 000187776
005 20250521000000.0
009 20260310102314.097
020 |a 84-9716-095-9 
037 |a Acervo ITESO - Biblioteca 
041 |a ESP 
082 |a 892. 7  |b GIB 
100 |a Gibran, Kahlil  |e (autor) 
240 1 1 |a [Jesús, el hijo del hombre] 
245 1 0 |a Jesús, el hijo del hombre :  |b sus palabras y sus hechos recogidos y contados por aquellos que lo conocieron /  |c K. Gibrán ; tr. por María Tabuyo, Agustín López. 
264 4 |a Barcelona, España :  |b José J. de Olañeta,  |c 2005, c2005 
300 |a 206 p. 
336 |a texto  |b txt  |2 rdacontenido 
337 |a sin mediación  |b n  |2 rdamedio 
338 |a volumen  |b nc  |2 rdasoporte 
440 3 |a (El Barquero ;  |v 54) 
545 0 |a El poeta Khalil Gibran (1883-1931), nació en Becharré, Líbano y emigró a Estados Unidos, poco después de concluir sus estudios universitarios y exponer su obra pictórica en París. Se le considera un escritor místico, en cuyas obras busca el sentido existencial de la vida del ser humano. Entre sus obras destacan: El profeta (1923), ilustrada por él mismo, cuyo original proviene de una obra en árabe mencionada por Kahlil como My Island Man realizada por 1918; le siguen El precursor (1920); Jesús, el hijo del hombre (1928); El Maestro; El loco; Ninfas del valle (1948) y La voz del Maestro (1959), entre otras. 
649 |a XX 
650 |a Jesucristo en la Literatura 
650 |a Novela Libanesa 
650 |a Literatura Libanesa -  |y Siglo XX 
650 |a Literatura Religiosa -  |y Siglo XX 
910 |a Fondo General 
920 |a Impresos - Libros 
930 |a Colección General 
940 |a Literatura 
905 |a 101 
901 |a 0500130084  |b IT1  |c LIT  |u 20250521 
902 |a https://opac.biblio.iteso.mx/vufind/Record/000187776